| 000 | 00380nam a22001457a 4500 | ||
|---|---|---|---|
| 999 |
_c7228 _d7226 |
||
| 005 | 20210903124614.0 | ||
| 008 | 200618b xxu||||| |||| 00| 0 eng d | ||
| 082 | _a345.4 AIR | ||
| 110 |
_aALL INDIA REPORTER _96858 |
||
| 245 | _aALL INDIA REPORTER [1991] [VOL-78] M. P. SECTION | ||
| 260 |
_aMUMBAI _bALL INDIA REPORTER |
||
| 300 | _a400;p | ||
| 650 |
_aLAW _95701 |
||
| 942 | _cJRL | ||